[Event "Berlin-ch Seniors op 23rd"]
[Site "Berlin"]
[Date "2007.02.11"]
[Round "7"]
[White "Nietsch, Horst"]
[Black "Grassmehl, Gerhard"]
[Result "1-0"]
[WhiteElo "1855"]
[BlackElo "1666"]
[PlyCount "83"]
[EventDate "2007.02.05"]
[EventType "swiss"]
[EventRounds "9"]
[EventCountry "GER"]
[SourceTitle "EXT 2022"]
[Source "ChessBase"]
[SourceDate "2021.10.06"]
[SourceVersion "1"]
[SourceVersionDate "2021.10.06"]
[SourceQuality "1"]

1. e4 c5 2. Nf3 Nc6 3. d4 cxd4 4. Nxd4 Nf6 5. Nc3 e5 6. Ndb5 d6 7. Bg5 a6 8. Na3 b5 9. Nd5 Be7 10. Bxf6 Bxf6 11. c3 Rb8 12. Nc2 0-0 13. Nce3 Bg5 14. Bd3 Bxe3 15. Nxe3 b4 16. 0-0 bxc3 17. bxc3 Ne7 18. Qh5 g6 19. Qe2 Rb6 20. Rfd1 Qc7 21. c4 a5 22. Qd2 Qc5 23. Rab1 Be6 24. Rxb6 Qxb6 25. Rb1 Qc7 26. h3 Nc6 27. Nd5 Bxd5 28. cxd5 Nd4 29. Qb2 Rc8 30. Ba6 Ra8 31. Qb6 Qc5 32. Qxc5 dxc5 33. Bc4 Ra7 34. Rb8+ Kg7 35. Rc8 a4 36. Rxc5 Kf6 37. d6 Ne6 38. Rd5 Nd8 39. f4 exf4 40. e5+ Kf5 41. e6+ Kxe6 42. Ra5+ 1-0

[Event "Berlin-ch Seniors op 23rd"]
[Site "Berlin"]
[Date "2007.02.07"]
[Round "3"]
[White "Grassmehl, Gerhard"]
[Black "Hackenberg, Ronald"]
[Result "1-0"]
[WhiteElo "1666"]
[BlackElo "1011"]
[PlyCount "44"]
[EventDate "2007.02.05"]
[EventType "swiss"]
[EventRounds "9"]
[EventCountry "GER"]
[SourceTitle "EXT 2022"]
[Source "ChessBase"]
[SourceDate "2021.10.06"]
[SourceVersion "1"]
[SourceVersionDate "2021.10.06"]
[SourceQuality "1"]

1. d4 Nf6 2. Nf3 g6 3. c4 d6 4. Nc3 Bg7 5. e4 0-0 6. Be2 Nbd7 7. 0-0 a6 8. h3 e5 9. Bg5 exd4 10. Nxd4 h6 11. Bh4 g5 12. Bg3 Re8 13. f3 Nf8 14. Rc1 Nh5 15. Bh2 Ng6 16. Nd5 c6 17. Ne3 Qb6 18. Ndc2 Nhf4 19. Rf2 Qxb2 20. Rb1 Qf6 21. Bf1 Ne5 22. Nd4 Ne6 1-0

[Event "Guben op 10th"]
[Site "Guben"]
[Date "2007.01.02"]
[Round "2.4"]
[White "Grassmehl, Gerhard"]
[Black "Brunner, Nicolas"]
[Result "0-1"]
[WhiteElo "1907"]
[BlackElo "2421"]
[PlyCount "48"]
[EventDate "2007.01.02"]
[EventType "swiss"]
[EventRounds "9"]
[EventCountry "GER"]
[SourceTitle "EXT 2021"]
[Source "ChessBase"]
[SourceDate "2020.10.23"]
[SourceVersion "1"]
[SourceVersionDate "2020.10.23"]
[SourceQuality "1"]

1. d4 Nf6 2. Nf3 c5 3. c4 cxd4 4. Nxd4 e5 5. Nb5 d5 6. e3 a6 7. N5c3 d4 8. exd4 exd4 9. Na4 Bb4+ 10. Bd2 Qd6 11. Bd3 Bg4 12. f3 Bd7 13. b3 0-0 14. 0-0 Bxa4 15. bxa4 Nbd7 16. Bxb4 Qxb4 17. Qb3 Qa5 18. Qd1 Nc5 19. Bc2 d3 20. Bb3 Rfe8 21. Qd2 Qb6 22. Kh1 Re2 23. Qc3 Nfe4 24. fxe4 Qg6 0-1

[Event "Brandenburg-ch Seniors 13th"]
[Site "Lindow/Mark"]
[Date "2005.09.15"]
[Round "9"]
[White "Kude, Klaus Peter"]
[Black "Grassmehl, Gerhard"]
[Result "1/2-1/2"]
[WhiteElo "1760"]
[BlackElo "1767"]
[PlyCount "76"]
[EventDate "2005.09.07"]
[EventType "swiss"]
[EventRounds "9"]
[EventCountry "GER"]
[SourceTitle "EXT 2007"]
[Source "ChessBase"]
[SourceDate "2006.11.23"]
[SourceVersion "1"]
[SourceVersionDate "2006.11.23"]
[SourceQuality "1"]

1. e4 c5 2. c3 e5 3. d4 cxd4 4. cxd4 Bb4+ 5. Bd2 Bxd2+ 6. Qxd2 exd4 7. Qxd4 Nf6 8. Qe5+ Qe7 9. Qxe7+ Kxe7 10. Nc3 Nc6 11. 0-0-0 d6 12. Nge2 Be6 13. Nf4 Rac8 14. Kb1 a6 15. Be2 Rhd8 16. Rd2 b5 17. Rhd1 Ne5 18. f3 g5 19. Nfd5+ Nxd5 20. Nxd5+ Bxd5 21. Rxd5 f6 22. R1d4 h6 23. a4 Nc6 24. Rd2 bxa4 25. Rc2 Nb4 26. Rxc8 Rxc8 27. Rd2 a5 28. Bd1 a3 29. bxa3 Na6 30. Rb2 Rb8 31. Be2 Rxb2+ 32. Kxb2 Nc5 33. Kc3 Kd7 34. Kc4 Kc6 35. Bd1 Kb6 36. Kd5 Kc7 37. Be2 Kd7 38. Bb5+ Kc7 1/2-1/2

[Event "Brandenburg-ch Seniors 13th"]
[Site "Lindow/Mark"]
[Date "2005.09.09"]
[Round "3"]
[White "Biehler, Peter"]
[Black "Grassmehl, Gerhard"]
[Result "1/2-1/2"]
[WhiteElo "1601"]
[BlackElo "1767"]
[PlyCount "81"]
[EventDate "2005.09.07"]
[EventType "swiss"]
[EventRounds "9"]
[EventCountry "GER"]
[SourceTitle "EXT 2007"]
[Source "ChessBase"]
[SourceDate "2006.11.23"]
[SourceVersion "1"]
[SourceVersionDate "2006.11.23"]
[SourceQuality "1"]

1. d4 Nf6 2. c4 e6 3. Nc3 c5 4. e3 cxd4 5. exd4 Nc6 6. d5 exd5 7. Nxd5 Nxd5 8. Qxd5 Bb4+ 9. Bd2 0-0 10. Be2 Re8 11. 0-0-0 Re5 12. Qd3 Qe7 13. Bf4 Ra5 14. a3 Bxa3 15. bxa3 Rxa3 16. Qd6 Ra1+ 17. Kb2 Rxd1 18. Bxd1 Qe1 19. Qd2 Qe6 20. Kb1 Qe8 21. Bd6 b6 22. Nf3 Ba6 23. Qc3 Na5 24. Be2 Rc8 25. Rc1 Nxc4 26. Bxc4 Bxc4 27. Qe5 b5 28. Re1 Be6 29. Qxb5 Rc6 30. Bc5 a6 31. Qb4 Qc8 32. Rc1 h6 33. Nd4 Rc7 34. Nxe6 dxe6 35. Be3 Rxc1+ 36. Bxc1 Qc6 37. Qb8+ Kh7 38. Qg3 Qe4+ 39. Ka1 f6 40. Bb2 a5 41. f3 1/2-1/2

[Event "Brandenburg-ch Seniors 13th"]
[Site "Lindow/Mark"]
[Date "2005.09.08"]
[Round "2"]
[White "Grassmehl, Gerhard"]
[Black "Ollek, Karl Heinz"]
[Result "1-0"]
[WhiteElo "1767"]
[BlackElo "1592"]
[PlyCount "143"]
[EventDate "2005.09.07"]
[EventType "swiss"]
[EventRounds "9"]
[EventCountry "GER"]
[SourceTitle "EXT 2007"]
[Source "ChessBase"]
[SourceDate "2006.11.23"]
[SourceVersion "1"]
[SourceVersionDate "2006.11.23"]
[SourceQuality "1"]

1. d4 f5 2. g3 Nf6 3. Nf3 e6 4. Bg2 Be7 5. 0-0 0-0 6. Nbd2 c6 7. Re1 d5 8. c4 Ne4 9. cxd5 exd5 10. Ne5 Nd7 11. f3 Nxd2 12. Bxd2 Nxe5 13. dxe5 Qb6+ 14. Kh1 Qxb2 15. f4 Bb4 16. Bxb4 Qxb4 17. e3 Be6 18. Rb1 Qe7 19. Re2 b6 20. Rc2 Qd7 21. Qd3 Rfd8 22. Rbc1 Rac8 23. Bf3 c5 24. Qa6 Rc7 25. Rd1 Qe8 26. Rcd2 b5 27. Bxd5 Rxd5 28. Rxd5 Bxd5+ 29. Rxd5 Qc6 30. Qxc6 Rxc6 31. Kg2 c4 32. Rxb5 c3 33. Rb1 Kf7 34. Kf3 Ke6 35. Ke2 Ra6 36. Ra1 Rb6 37. Kd3 Rb2 38. Kxc3 Rxh2 39. a4 Rg2 40. Kd4 Rxg3 41. Rc1 Rg2 42. Rc6+ Kd7 43. Ra6 h5 44. Rxa7+ Ke8 45. Ra8+ Kf7 46. Rh8 g6 47. Rh7+ Kg8 48. Ra7 Rd2+ 49. Kc3 Rd8 50. Rb7 Rc8+ 51. Kd3 Ra8 52. Rb4 Ra7 53. Ke2 Kf7 54. Kf3 Ra6 55. Kg3 Ke6 56. Rd4 Kf7 57. Kh4 Ra7 58. Kg5 Ra6 59. e4 fxe4 60. Rxe4 Kg7 61. Rd4 Kf7 62. Rd7+ Ke8 63. Rg7 Kf8 64. Rd7 Ke8 65. Rg7 Kf8 66. Rb7 Ke8 67. a5 Rxa5 68. Kxg6 h4 69. e6 Ra8 70. Rh7 Ra6 71. Kf6 Kd8 72. Rxh4 1-0

[Event "GER-chA Seniors 16th"]
[Site "Templin"]
[Date "2004.09.12"]
[Round "9"]
[White "Kunath, Werner"]
[Black "Grassmehl, Gerhard"]
[Result "1-0"]
[WhiteElo "1798"]
[BlackElo "1680"]
[PlyCount "135"]
[EventDate "2004.09.04"]
[EventType "swiss"]
[EventRounds "9"]
[EventCountry "GER"]
[SourceTitle "EXT 2005"]
[Source "ChessBase"]
[SourceDate "2004.11.15"]
[SourceVersion "1"]
[SourceVersionDate "2004.11.15"]
[SourceQuality "1"]

1. d4 Nf6 2. Nc3 d5 3. Bg5 e6 4. e4 Be7 5. Bxf6 Bxf6 6. Nf3 dxe4 7. Nxe4 0-0 8. c3 Nd7 9. Bd3 g6 10. Nxf6+ Nxf6 11. Qe2 b6 12. 0-0-0 Bb7 13. h4 h5 14. Ne5 Kg7 15. f3 Rh8 16. Rhg1 Qe7 17. Qf2 Rad8 18. Bc2 c5 19. Qg3 Rh6 20. dxc5 Rxd1+ 21. Rxd1 Qxc5 22. Qg5 Qf8 23. Nd7 Nxd7 24. Rxd7 Bd5 25. Qe5+ Kg8 26. Qf6 Qg7 27. Rd8+ Kh7 28. Qe7 a6 29. Qc7 Qf6 30. b3 Kg7 31. Kb2 b5 32. Qd6 Rh8 33. Rxh8 Kxh8 34. Qf8+ Kh7 35. b4 e5 36. Qc5 Bc4 37. a4 Kg7 38. a5 Qf4 39. Qf2 Bd5 40. Qe2 Kf6 41. Be4 Bc4 42. Qf2 Qh2 43. Bb7 Qh1 44. Bxa6 Qd1 45. Qe3 Qd6 46. Bb7 Qd1 47. a6 Qb3+ 48. Kc1 Qa2 49. Qg5+ Kg7 50. Qxe5+ Kh7 51. Qe4 Qa3+ 52. Kd2 Bb3 53. Qb1 Be6 54. Qc1 Qa2+ 55. Qc2 Qa1 56. Qc1 Qa2+ 57. Ke1 Bc4 58. Qe3 Qxg2 59. Qf2 Qh1+ 60. Kd2 Qb1 61. Qe1 Qd3+ 62. Kc1 Bb3 63. Qd2 Qf1+ 64. Kb2 Bc4 65. a7 Bd3 66. Bd5 Qb1+ 67. Ka3 Bc2 68. Ba2 1-0

[Event "GER-chA Seniors 16th"]
[Site "Templin"]
[Date "2004.09.10"]
[Round "7"]
[White "Grassmehl, Gerhard"]
[Black "Bartle, Georg"]
[Result "1-0"]
[WhiteElo "1680"]
[BlackElo "1567"]
[PlyCount "103"]
[EventDate "2004.09.04"]
[EventType "swiss"]
[EventRounds "9"]
[EventCountry "GER"]
[SourceTitle "EXT 2005"]
[Source "ChessBase"]
[SourceDate "2004.11.15"]
[SourceVersion "1"]
[SourceVersionDate "2004.11.15"]
[SourceQuality "1"]

1. d4 f5 2. c4 Nf6 3. g3 g6 4. Bg2 Bg7 5. Nf3 d6 6. 0-0 0-0 7. Re1 Qe8 8. Nbd2 h6 9. d5 a5 10. a4 Na6 11. Nd4 Nc5 12. Ra3 Qf7 13. Nb5 e5 14. dxe6 Nxe6 15. Nc3 f4 16. Nde4 Ng4 17. Nd5 fxg3 18. fxg3 Bd4+ 19. e3 Bc5 20. Rb3 Ng7 21. Rf1 Qd7 22. Rxf8+ Kxf8 23. Nxc5 dxc5 24. Rd3 Ne5 25. Rd2 Qg4 26. Qf1+ Nf7 27. Nxc7 Rb8 28. Rf2 Nf5 29. e4 N5d6 30. e5 Nf5 31. e6 Ne5 32. Bh3 Qd4 33. Kh1 Ng4 34. Rf4 Qe5 35. Bxg4 Bxe6 36. Nxe6+ Qxe6 37. Bxf5 gxf5 38. Rxf5+ Kg7 39. b3 Qe4+ 40. Rf3 Rd8 41. Kg1 Qg4 42. Bb2+ Kg8 43. Qe2 Qg6 44. Rf4 h5 45. Rf1 Re8 46. Qd2 h4 47. Qd5+ Re6 48. Rf5 Qe8 49. Rf6 hxg3 50. Qxe6+ Qxe6 51. Rxe6 gxh2+ 52. Kxh2 1-0

[Event "GER-chA Seniors 16th"]
[Site "Templin"]
[Date "2004.09.07"]
[Round "4"]
[White "Grassmehl, Gerhard"]
[Black "Schmieder, Wolfgang Ernst"]
[Result "1/2-1/2"]
[WhiteElo "1680"]
[BlackElo "1704"]
[PlyCount "105"]
[EventDate "2004.09.04"]
[EventType "swiss"]
[EventRounds "9"]
[EventCountry "GER"]
[SourceTitle "EXT 2005"]
[Source "ChessBase"]
[SourceDate "2004.11.15"]
[SourceVersion "1"]
[SourceVersionDate "2004.11.15"]
[SourceQuality "1"]

1. d4 d5 2. c4 c6 3. Nf3 g6 4. e3 Bg7 5. Nc3 Nf6 6. cxd5 cxd5 7. Be2 0-0 8. 0-0 Nbd7 9. b3 b6 10. Bb2 Bb7 11. Rc1 Re8 12. Rc2 a6 13. Qd3 Rc8 14. Rfc1 Ne4 15. Qd1 Nxc3 16. Rxc3 Rxc3 17. Rxc3 Qb8 18. Qc2 Rc8 19. a4 Rxc3 20. Qxc3 Qc8 21. Qxc8+ Bxc8 22. Ba3 Bf8 23. Ne5 Nxe5 24. dxe5 a5 25. Bb5 e6 26. Bd6 Bb7 27. f3 Kg7 28. Kf2 h6 29. g3 Bxd6 30. exd6 Kf8 31. f4 f6 32. h4 Kf7 33. g4 g5 34. Kg3 e5 35. hxg5 hxg5 36. f5 d4 37. exd4 exd4 38. Kf2 Bd5 39. Bc4 Bxc4 40. bxc4 Ke8 41. Kf3 d3 42. Ke3 d2 43. Kxd2 Kd7 44. Kd3 Kxd6 45. Kd4 Kc6 46. Kd3 Kc5 47. Kc3 Kc6 48. Kd3 Kd6 49. Kd4 Kc6 50. Kd3 Kd7 51. Ke4 Kc6 52. Kd3 Kc5 53. Kc3 1/2-1/2

[Event "GER-chA Seniors 16th"]
[Site "Templin"]
[Date "2004.09.06"]
[Round "3"]
[White "Grassmehl, Gerhard"]
[Black "Neumann, Horst"]
[Result "0-1"]
[WhiteElo "1680"]
[BlackElo "1874"]
[PlyCount "78"]
[EventDate "2004.09.04"]
[EventType "swiss"]
[EventRounds "9"]
[EventCountry "GER"]
[SourceTitle "EXT 2005"]
[Source "ChessBase"]
[SourceDate "2004.11.15"]
[SourceVersion "1"]
[SourceVersionDate "2004.11.15"]
[SourceQuality "1"]

1. d4 d5 2. c4 c6 3. Nc3 Nf6 4. Bg5 e6 5. e4 dxe4 6. Bxf6 Qxf6 7. Nxe4 Bb4+ 8. Nc3 0-0 9. a3 Bxc3+ 10. bxc3 c5 11. Nf3 Nc6 12. Ra2 Rd8 13. Rd2 b6 14. Be2 Bb7 15. 0-0 cxd4 16. cxd4 Rac8 17. d5 exd5 18. cxd5 Ne7 19. d6 Ng6 20. Re1 Nf4 21. d7 Rc7 22. Bc4 Ne6 23. Bxe6 fxe6 24. Rd6 Bxf3 25. gxf3 Qg5+ 26. Kh1 e5 27. Qd5+ Kf8 28. Rg1 Qf5 29. Rd1 Ke7 30. Re1 Rc5 31. Qd4 Rc1 32. Rxc1 exd4 33. Rxd4 Qxf3+ 34. Kg1 Rxd7 35. Re1+ Kd8 36. Rde4 Rd1 37. Re8+ Kc7 38. R8e7+ Kc6 39. R7e6+ Kb5 0-1

[Event "Leipzig VfB op 11th"]
[Site "Leipzig"]
[Date "2004.03.19"]
[Round "6"]
[White "Huelle, Gunter"]
[Black "Grassmehl, Gerhard"]
[Result "1-0"]
[WhiteElo "1433"]
[BlackElo "1698"]
[PlyCount "113"]
[EventDate "2004.03.16"]
[EventType "swiss"]
[EventRounds "9"]
[EventCountry "GER"]
[SourceTitle "EXT 2007"]
[Source "ChessBase"]
[SourceDate "2006.11.23"]
[SourceVersion "1"]
[SourceVersionDate "2006.11.23"]
[SourceQuality "1"]

1. b4 a5 2. b5 d5 3. Nf3 c6 4. a4 e6 5. Bb2 Nf6 6. e3 Bd6 7. Be2 0-0 8. 0-0 Re8 9. d4 Nbd7 10. Nbd2 Qc7 11. c4 c5 12. h3 b6 13. Rc1 Bb7 14. Nb3 dxc4 15. dxc5 Nxc5 16. Nxc5 Bxc5 17. Be5 Qe7 18. Bxc4 Rad8 19. Qe2 Bd5 20. Bxd5 Nxd5 21. Bd4 Rc8 22. Rc4 Bxd4 23. Nxd4 Rc5 24. Nc6 Qf8 25. Rfc1 Rxc4 26. Qxc4 h6 27. e4 Nb4 28. Ne5 Qe7 29. Qc7 f6 30. Qxe7 Rxe7 31. Rc8+ Kh7 32. Nc4 Rb7 33. Re8 Rc7 34. Nxb6 Rc1+ 35. Kh2 Nd3 36. f3 Rc2 37. Rxe6 Nf4 38. Rc6 Rxg2+ 39. Kh1 Rg3 40. Kh2 Rxh3+ 41. Kg1 Rg3+ 42. Kf2 Rg2+ 43. Ke3 g5 44. Kd4 Rd2+ 45. Kc4 Ne2 46. Rxf6 Rd4+ 47. Kc5 Rb4 48. e5 Nd4 49. e6 Kg7 50. Rf7+ Kg8 51. Kd5 Nxb5 52. axb5 Rxb5+ 53. Kc6 Re5 54. Kd6 Re3 55. Nd5 Rd3 56. Ke5 a4 57. Nf6+ 1-0

[Event "Leipzig VfB op 11th"]
[Site "Leipzig"]
[Date "2004.03.17"]
[Round "2"]
[White "Voland, Rolf"]
[Black "Grassmehl, Gerhard"]
[Result "1-0"]
[WhiteElo "1480"]
[BlackElo "1698"]
[PlyCount "137"]
[EventDate "2004.03.16"]
[EventType "swiss"]
[EventRounds "9"]
[EventCountry "GER"]
[SourceTitle "EXT 2007"]
[Source "ChessBase"]
[SourceDate "2006.11.23"]
[SourceVersion "1"]
[SourceVersionDate "2006.11.23"]
[SourceQuality "1"]

1. e4 c5 2. Bc4 Nc6 3. Nf3 e6 4. Nc3 g6 5. d3 Bg7 6. Bf4 d6 7. Qd2 Nge7 8. Bh6 0-0 9. Bxg7 Kxg7 10. Bb3 a6 11. 0-0 b5 12. a4 b4 13. Ne2 d5 14. Rad1 Bb7 15. Ng3 h6 16. Qe3 d4 17. Qf4 Qb8 18. e5 Ng8 19. Ne4 Nce7 20. Nxc5 Qc7 21. Nxb7 Qxb7 22. Qxd4 Rfd8 23. Qf4 Nd5 24. Bxd5 Qxd5 25. b3 a5 26. Rfe1 Rac8 27. Rd2 Rd7 28. Re4 Rdc7 29. Rc4 Qd8 30. Rxc7 Rxc7 31. Nd4 Qd5 32. h3 g5 33. Qe3 Rc5 34. Nf3 Ne7 35. Re2 Qc6 36. Qd2 Nd5 37. Nd4 Qb7 38. g3 Nc3 39. Re1 Qd5 40. Qe3 Rc7 41. f4 Rd7 42. Ne2 Nxe2+ 43. Rxe2 gxf4 44. gxf4 Qd4 45. Qxd4 Rxd4 46. Re4 Rd7 47. Kf2 Kg6 48. Kf3 Kf5 49. Rc4 h5 50. Rc5 Ra7 51. Rc8 Kg6 52. Ke4 f6 53. exf6 Kxf6 54. Rc6 Kf7 55. Ke5 Ra8 56. Rc7+ Kg6 57. Rc6 Kf7 58. d4 Rd8 59. Rc7+ Kg6 60. c4 bxc3 61. Rxc3 Rb8 62. Kxe6 Re8+ 63. Kd7 Re4 64. Rd3 Rxf4 65. d5 Kf6 66. d6 Ke5 67. Ke7 Rb4 68. d7 Rb7 69. Ke8 1-0

[Event "Mecklenburg VP-ch Seniors 03rd"]
[Site "Plau am See"]
[Date "2003.10.14"]
[Round "9"]
[White "Grassmehl, Gerhard"]
[Black "Weyrauch, Erich"]
[Result "1/2-1/2"]
[WhiteElo "2138"]
[BlackElo "2096"]
[PlyCount "161"]
[EventDate "2003.10.??"]
[EventType "swiss"]
[EventRounds "9"]
[EventCountry "GER"]
[SourceTitle "EXT 2006"]
[Source "ChessBase"]
[SourceDate "2005.11.24"]
[SourceVersion "1"]
[SourceVersionDate "2005.11.24"]
[SourceQuality "1"]

1. e4 c5 2. Nf3 Nc6 3. d4 cxd4 4. Nxd4 g6 5. Nc3 Bg7 6. Be3 d6 7. Qd2 Nf6 8. f3 0-0 9. Bc4 Bd7 10. 0-0-0 Ne5 11. Bb3 Qa5 12. h4 Rfc8 13. g4 Nc4 14. Bxc4 Rxc4 15. h5 Rac8 16. Kb1 Rxc3 17. bxc3 Bxg4 18. hxg6 hxg6 19. c4 Qxd2 20. Rxd2 Bh5 21. Rf1 Rxc4 22. Ne2 b6 23. Ng3 Rb4+ 24. Kc1 Ra4 25. c3 Ra5 26. Kb2 Ne8 27. Rh2 Rb5+ 28. Kc2 Ra5 29. Kd3 d5 30. Nxh5 dxe4+ 31. fxe4 gxh5 32. Rg1 f5 33. e5 Kf7 34. Rxh5 Bxe5 35. Rxf5+ Ke6 36. Rf2 Ra3 37. Bd4 Bxd4 38. Kxd4 Nd6 39. Re1+ Kd7 40. Re5 a6 41. Rc2 Ra4+ 42. Kd3 Rh4 43. Rce2 Nc8 44. Kc2 Rh6 45. Kb3 e6 46. Rd2+ Kc6 47. a4 Nd6 48. Rde2 Kd7 49. Rg5 Nb7 50. Rg4 Kc6 51. Rf2 Nc5+ 52. Kc2 Rh1 53. Rf6 Re1 54. Rh6 Re2+ 55. Kd1 Ra2 56. Rd4 a5 57. Rc4 Kd5 58. Rd4+ Kc6 59. Rg4 Nxa4 60. Rxe6+ Kb5 61. Re3 Nc5 62. Kc1 Rf2 63. Kb1 a4 64. Rb4+ Ka5 65. Rb2 Rf1+ 66. Ka2 Nb3 67. Ka3 Ra1+ 68. Ra2 Rc1 69. Kb2 Rh1 70. Re8 Nc5 71. Ka3 Rc1 72. Re3 Nb3 73. Kb2 Rg1 74. Re2 Rh1 75. Kc2 Rc1+ 76. Kd3 Rd1+ 77. Ke4 Nc5+ 78. Ke5 Nb3 79. Re4 Nc5 80. Rd4 Rc1 81. Ra3 1/2-1/2

[Event "Mecklenburg VP-ch Seniors 03rd"]
[Site "Plau am See"]
[Date "2003.10.13"]
[Round "8"]
[White "Kotzem, Ernst"]
[Black "Grassmehl, Gerhard"]
[Result "1-0"]
[WhiteElo "2081"]
[BlackElo "2138"]
[PlyCount "69"]
[EventDate "2003.10.??"]
[EventType "swiss"]
[EventRounds "9"]
[EventCountry "GER"]
[SourceTitle "EXT 2006"]
[Source "ChessBase"]
[SourceDate "2005.11.24"]
[SourceVersion "1"]
[SourceVersionDate "2005.11.24"]
[SourceQuality "1"]

1. e4 c5 2. Nf3 d6 3. d4 cxd4 4. Nxd4 Nf6 5. Nc3 e6 6. Be2 Be7 7. 0-0 0-0 8. Be3 Nc6 9. Qd2 a6 10. a4 Qc7 11. Nxc6 bxc6 12. a5 Qb8 13. f3 Nd7 14. Na4 Bb7 15. c4 c5 16. b4 cxb4 17. Qxb4 Bc6 18. Nb6 Qb7 19. Qd2 Rab8 20. Rab1 Qc7 21. Rfd1 Rfd8 22. Qe1 Nc5 23. Qg3 Nb7 24. c5 Bb5 25. Bxb5 axb5 26. Rxb5 Qc6 27. Rdb1 dxc5 28. Nc4 Rd1+ 29. Kf2 Rdd8 30. Bf4 Nd6 31. Rxb8 Nxc4 32. Rxd8+ Bxd8 33. Rb8 Qd7 34. Qg5 Qd4+ 35. Be3 1-0

[Event "Mecklenburg VP-ch Seniors 03rd"]
[Site "Plau am See"]
[Date "2003.10.11"]
[Round "6"]
[White "Neese, Hans Joachim"]
[Black "Grassmehl, Gerhard"]
[Result "1/2-1/2"]
[WhiteElo "2257"]
[BlackElo "2138"]
[PlyCount "108"]
[EventDate "2003.10.??"]
[EventType "swiss"]
[EventRounds "9"]
[EventCountry "GER"]
[SourceTitle "EXT 2006"]
[Source "ChessBase"]
[SourceDate "2005.11.24"]
[SourceVersion "1"]
[SourceVersionDate "2005.11.24"]
[SourceQuality "1"]

1. d4 Nf6 2. c4 d6 3. Nf3 c6 4. Nc3 Bf5 5. Nh4 Bc8 6. e4 e5 7. Nf3 Nbd7 8. Be2 Be7 9. 0-0 0-0 10. h3 a6 11. a4 a5 12. Be3 b6 13. Qc2 Bb7 14. Rfd1 Qc7 15. Rac1 Rac8 16. b3 Rfe8 17. d5 Nc5 18. Ne1 Rf8 19. Bf3 h6 20. Nd3 Nxd3 21. Qxd3 c5 22. Ne2 Nh7 23. Bg4 Rce8 24. Ng3 Bg5 25. Rc3 g6 26. h4 Bxe3 27. Qxe3 h5 28. Bxh5 Qe7 29. Bg4 Qxh4 30. Bh3 Ng5 31. Bd7 Re7 32. Bc6 Bc8 33. Re1 Kg7 34. Kf1 Bg4 35. f4 exf4 36. Qxf4 Re5 37. Bd7 f5 38. exf5 Be2+ 39. Nxe2 Rexf5 40. Bxf5 Rxf5 41. Qxf5 gxf5 42. Re3 Ne4 43. g3 Qh2 44. Rxe4 fxe4 45. Nf4 Kf6 46. Re3 Ke5 47. Ne2 Qh6 48. Kf2 Qg5 49. Nc3 Kd4 50. Nb5+ Ke5 51. Nc3 Kd4 52. Ne2+ Ke5 53. Nc3 Kd4 54. Nb5+ Ke5 1/2-1/2

[Event "Wch Seniors 13th"]
[Site "Bad Zwischenahn"]
[Date "2003.??.??"]
[Round "?"]
[White "Hesselbarth, Karlheinz"]
[Black "Grassmehl, Gerhard"]
[Result "1-0"]
[WhiteElo "1720"]
[BlackElo "1720"]
[PlyCount "107"]
[EventDate "2003.11.16"]
[EventType "swiss"]
[EventRounds "11"]
[EventCountry "GER"]
[SourceTitle "CBM 097 Extra"]
[Source "ChessBase"]
[SourceDate "2004.01.13"]
[SourceVersion "1"]
[SourceVersionDate "2004.01.13"]
[SourceQuality "1"]

1. d4 Nf6 2. c4 e6 3. Nc3 c5 4. e3 a6 5. Nf3 d5 6. cxd5 exd5 7. Be2 Nc6 8. 0-0 Bd6 9. dxc5 Bxc5 10. a3 0-0 11. b4 Ba7 12. Bb2 Be6 13. Qc2 Rc8 14. Rfd1 Qc7 15. Rac1 Ne5 16. Nxe5 Qxe5 17. Qd2 Qg5 18. Bf3 Rfd8 19. e4 Qxd2 20. Rxd2 d4 21. Ne2 Rxc1+ 22. Nxc1 Bc4 23. Nd3 Nd7 24. Be2 f6 25. Kf1 Ne5 26. Ke1 b6 27. Nxe5 Bxe2 28. Nc6 Rd7 29. Kxe2 b5 30. Nxa7 Rxa7 31. Bxd4 Rc7 32. Bc5 Kf7 33. Rd6 a5 34. Ra6 axb4 35. axb4 Rb7 36. Ra7 Rxa7 37. Bxa7 Ke6 38. Kd3 Kd6 39. Kd4 g6 40. f4 h5 41. h4 Kc6 42. e5 f5 43. Bc5 Kd7 44. Kd5 Kd8 45. e6 Ke8 46. Kc6 Kd8 47. Kxb5 Kc7 48. e7 Kd7 49. Kc4 Ke8 50. Kd5 g5 51. fxg5 Kd7 52. b5 Ke8 53. b6 f4 54. b7 1-0

[Event "Wch Seniors 13th"]
[Site "Bad Zwischenahn"]
[Date "2003.??.??"]
[Round "?"]
[White "Ousatchi, Mark"]
[Black "Grassmehl, Gerhard"]
[Result "1-0"]
[WhiteElo "2040"]
[BlackElo "1720"]
[PlyCount "107"]
[EventDate "2003.11.16"]
[EventType "swiss"]
[EventRounds "11"]
[EventCountry "GER"]
[SourceTitle "CBM 097 Extra"]
[Source "ChessBase"]
[SourceDate "2004.01.13"]
[SourceVersion "1"]
[SourceVersionDate "2004.01.13"]
[SourceQuality "1"]

1. d4 Nf6 2. c4 e6 3. Nf3 c5 4. d5 d6 5. Nc3 Na6 6. e4 exd5 7. cxd5 Nc7 8. Be2 a6 9. a4 g6 10. 0-0 Bg7 11. Nd2 0-0 12. f4 Bd7 13. Bf3 Nfe8 14. Nc4 b5 15. Nb6 Rb8 16. Nxd7 Qxd7 17. axb5 axb5 18. e5 b4 19. Ne4 Nb5 20. Be3 Qc8 21. Qe2 f5 22. exf6 Nxf6 23. Ng5 Ne8 24. Ne6 Nd4 25. Bxd4 Bxd4+ 26. Nxd4 cxd4 27. Bg4 Qc5 28. Qe6+ Kg7 29. Rfc1 Qb6 30. Rc6 Qb7 31. Qe4 Qf7 32. Qxd4+ Qf6 33. Ra7+ Kh6 34. Qxf6 Rxf6 35. Rc4 Rb5 36. Ra8 Rf8 37. Bf3 Rb7 38. Re4 Nf6 39. Rxf8 Nxe4 40. Bxe4 Re7 41. Bf3 Re1+ 42. Kf2 Rb1 43. Rd8 Rxb2+ 44. Ke3 Ra2 45. Rxd6 Ra3+ 46. Kd4 Ra4 47. Kc4 b3+ 48. Kxb3 Rxf4 49. Rd7 g5 50. h3 Kg6 51. d6 Rd4 52. Kc3 Rf4 53. Re7 Rf6 54. Be4+ 1-0

[Event "Wch Seniors 13th"]
[Site "Bad Zwischenahn"]
[Date "2003.??.??"]
[Round "?"]
[White "Ragsch, Klaus"]
[Black "Grassmehl, Gerhard"]
[Result "1-0"]
[WhiteElo "1870"]
[BlackElo "1720"]
[PlyCount "156"]
[EventDate "2003.11.16"]
[EventType "swiss"]
[EventRounds "11"]
[EventCountry "GER"]
[SourceTitle "CBM 097 Extra"]
[Source "ChessBase"]
[SourceDate "2004.01.13"]
[SourceVersion "1"]
[SourceVersionDate "2004.01.13"]
[SourceQuality "1"]

1. e4 c5 2. Nf3 d6 3. d4 cxd4 4. Nxd4 Nf6 5. Nc3 a6 6. Be2 b5 7. Bf3 Bb7 8. e5 dxe5 9. Bxb7 exd4 10. Ne2 Ra7 11. Bf3 e5 12. Ng3 Qa5+ 13. Bd2 Bb4 14. a3 Bxd2+ 15. Qxd2 Qxd2+ 16. Kxd2 g6 17. Rhe1 Nfd7 18. Ne4 Ke7 19. Rad1 Rc8 20. Kc1 Rac7 21. Rd2 f5 22. Ng3 Kf6 23. Kb1 Nc5 24. Bd1 a5 25. f4 exf4 26. Ne2 Ne6 27. Nxd4 Nxd4 28. Rxd4 Nc6 29. Rxf4 b4 30. a4 Ne5 31. Rd4 Nc4 32. Bf3 Kg5 33. g4 Rc5 34. gxf5 gxf5 35. Rg1+ Kf6 36. Be2 Ne5 37. Bd1 Nc4 38. Be2 Ne3 39. Bd3 Nxc2 40. Rd7 b3 41. Rgg7 Nb4 42. Rgf7+ Ke6 43. Rde7+ Kd6 44. Rd7+ Ke5 45. Rfe7+ Kf4 46. Rd4+ Kg5 47. Rg7+ Kf6 48. Rg1 Na2 49. Ka1 Nc1 50. Bb1 Ne2 51. Rd6+ Ke5 52. Rgd1 Rc4 53. R6d5+ Kf6 54. Rxf5+ Kg7 55. Rxa5 Nd4 56. Ra7+ Kf6 57. Rf1+ Ke5 58. Ra5+ Kd6 59. Rd1 Kc7 60. Bd3 Rc6 61. Be4 Nc2+ 62. Kb1 Rc4 63. Ra7+ Kb6 64. Rb7+ Ka5 65. Rd5+ R8c5 66. Rxc5+ Rxc5 67. Rxb3 Nb4 68. Rc3 Rh5 69. h3 Rg5 70. Bxh7 Kxa4 71. Be4 Rg1+ 72. Rc1 Rg3 73. Rh1 Re3 74. Bf5 Rf3 75. Bc2+ Nxc2 76. Kxc2 Rf2+ 77. Kc3 Rf3+ 78. Kd4 Rf6 1-0